LEADER 01525nas 2200457-a 450 001 9910145722003321 005 20260218111433.0 035 $a(DE-599)ZDB2637440-7 035 $a(CKB)1000000000415921 035 $a(CONSER)---98655728- 035 $a(DE-599)2637440-7 035 $a(EXLCZ)991000000000415921 100 $a19980903a199u9999 --- - 101 0 $aspa 181 $ctxt$2rdacontent 182 $cc$2rdamedia 183 $acr$2rdacarrier 200 10$aCaminos $erevista cubana de pensamiento socioteológico 210 $aCiudad de La Habana, Cuba $cCentro Memorial Martín Luther King, Jr 215 $a1 online resource 311 08$aPrint version: Caminos (Havana, Cuba) 1025-7233 (DLC) 98655728 (OCoLC)39796975 517 3 $aRevista cubana de pensamiento socioteológico 531 1 $aCaminos 606 $aChristian sociology$zCuba$vPeriodicals 606 $aChristian sociology$2fast$3(OCoLC)fst00859530 606 $aGodsdienst$2gtt 606 $aSociale aspecten$2gtt 607 $aCuba$2fast$1https://id.oclc.org/worldcat/entity/E39QbtfRvdgbTdTyQJcJ3FQ8vB 608 $aPeriodicals.$2fast 608 $aPeriodicals.$2lcgft 615 0$aChristian sociology 615 7$aChristian sociology. 615 17$aGodsdienst. 615 17$aSociale aspecten. 676 $a261/.097291/05 712 02$aCentro Memorial Martin Luther King, Jr. 906 $aJOURNAL 912 $a9910145722003321 920 $aexl_impl conversion 996 $aCaminos$92119351 997 $aUNINA